00676nam a2200169 a 450000100100000000500170001000800410002704000250006808200140009324500480010726000630015530000320021804900090025095201120025995201180037199900170048900003202720200930063352.0110712s19uu dr a 000 0 spa d aDO-SdBNPbspacBNPHU axxxbA63400aAntología viva de la poesía dominicana. a[Santo Domingo] :bPatronato del Teatro Nacional,c[s.f.]. a[20 p.] :bretrs. ;c22 cm. aBNPD 0010718PDaPDbPDcHDd2011-07-12iLF1l0oxxx A634p32027-10r2020-06-25w2020-06-25yLFPDZNo se presta 0010718PDaPDbPDcHDd2015-04-20iLF1l0oxxx A634p32027-20r2020-06-25te. 2w2020-06-25yLFPDZNo se presta c31518d31518